Statistics for The 10 most difficult languages to learn

Click here to take the quiz!

General Stats

  • This quiz has been taken 4,310 times
  • The average score is 5 of 10

Answer Stats

RankRegionAnswer% Correct
1AsiaChinese
80%
2Africa and Middle EastArabic
79%
5AsiaJapanese
70%
8Region in France and SpainBasque
56%
4EuropeHungarian
55%
3Amazonian regionTuyuca
48%
9EuropePolish
47%
6United StatesNavajo
39%
7EuropeEstonian
35%
10EuropeIcelandic
31%

Score Distribution

Percentile by Number Answered

Percent of People with Each Score

Your Score History

You have not taken this quiz